Central Library OPAC University of Rajshahi

Soap films : (Record no. 68540)

MARC details
000 -LEADER
fixed length control field 00831nam a2200265 a 4500
001 - CONTROL NUMBER
control field 68540
003 - CONTROL NUMBER IDENTIFIER
rucl marc code BD-RjUL
005 - DATE AND TIME OF LATEST TRANSACTION
control field 20211209081802.0
008 - FIXED-LENGTH DATA ELEMENTS--GENERAL INFORMATION
fixed length control field 170403s1929 enkao 001 0 eng d
035 ## - SYSTEM CONTROL NUMBER
System control number (BD-RjUL)68750
040 ## - CATALOGING SOURCE
Original cataloging agency COO
Transcribing agency COO
Modifying agency MNU
-- EQO
-- BD-RjUL
Language of cataloging eng
041 ## - LANGUAGE CODE
Language code of text/sound track or separate title eng
082 ## - DEWEY DECIMAL CLASSIFICATION NUMBER
Edition number 23
Classification number 530.427
Author mark and year LAS 1929
100 1# - MAIN ENTRY--PERSONAL NAME
Personal name Lawrence, A. S. C.
9 (RLIN) 203141
245 10 - TITLE STATEMENT
Title Soap films :
Remainder of title a study of molecular individuality /
Statement of responsibility, etc. by A.S.C. Lawrence ; with a foreword by Sir William Bragg
260 ## - PUBLICATION, DISTRIBUTION, ETC. (IMPRINT)
Place of publication, distribution, etc. London :
Name of publisher, distributor, etc. G. Bell & Sons,
Date of publication, distribution, etc. 1929
300 ## - PHYSICAL DESCRIPTION
Pagination xi, 141 p. :
Illustrations ill. ;
Size 23cm
500 ## - GENERAL NOTE
General note Includes index
650 #0 - SUBJECT ADDED ENTRY--TOPICAL TERM
Topical term or geographic name as entry element Capillarity.
9 (RLIN) 203142
Topical term or geographic name as entry element Molecules
9 (RLIN) 203143
Topical term or geographic name as entry element Soap
9 (RLIN) 202979
Topical term or geographic name as entry element Soap bubbles
9 (RLIN) 203144
700 1# - ADDED ENTRY--PERSONAL NAME
Personal name Bragg, William Lawrence,
Dates associated with a name 1890-1971
942 ## - ADDED ENTRY ELEMENTS (KOHA)
Source of classification or shelving scheme Dewey Decimal Classification
Koha item type Books
Holdings
Lost status Source of classification or shelving scheme Damaged status Not for loan Collection code Permanent Location Current Location Shelving location Date acquired Source of acquisition Cost, normal purchase price Total Checkouts Full call number Date last seen Copy number Koha item type
  Dewey Decimal Classification   Not For Loan Non-fiction Central Library, University of Rajshahi Central Library, University of Rajshahi Reading Room 23/09/1957 Pub. Ltd. 10.30   530.427 LAS 1929 03/04/2017 C-1 Books